عرض عادي
عرض مارك
- Lawrence, Eleanor,
مدخل إسم شخص
001 - رقم الضبط
- حقل الضبط: 10710
003 - معرف رقم الضبط
- حقل الضبط: OSt
005 - تاريخ ووقت أخر عملية
- حقل الضبط: 20120412023924.0
008 - عناصر بيانات ثابتة الطول
- حقل تحكم ثابت الطول: 120412|||a|||||| | ||| d
040 ## - مصدر الفهرسة
- هيئة الفهرسة الأصلية: OSt
- وكالة الكتابة: OSt
100 ## - مدخل -- أسم شخص
- إسم شخص: Lawrence, Eleanor,
- تواريخ مرتبطة بالاسم: 1949-
670 ## - بيانات المصدر موجوده
- الاستشهاد بالمصدر: Work cat.: (OSt)0: Henderson's dictionary of biology /, c 2011.
